|
|
แสดงรายละเอียดบรรณานุกรม |
|
|
Brief Record
: Get Marc (ISO 2709)
: E-mail record
: |
|
|
|
| LEADER 00000nam 2200000uu 4500 | |||
| 001 206105 | |||
| 003 ULIBM | |||
| 008 110616s2552||||th 000 0 tha d | |||
| 020 ^a978-616-7182-02-5 | |||
| 060 0 QU 145 พ249ม 2552. | |||
| 100 0 ^aพรพิมล ศิริกุล. | |||
| 245 00 ^aแมคโครไบโอติก-ข้าวกล้องงอก : กินอยู่ตามวิถีธรรมชาติปราศจากโรคยืดอายุขัยได้ถึง 120 ปี./^bพรพิมล ศิริกุล. | |||
| 260 ^aกรุงเทพฯ : ^bซิซินี อินเตอร์เนชั่นแนล,^c2552. | |||
| 300 ^aจำนวน 322 หน้า ;^bภาพประกอบ. | |||
| 650 0 ^aสุขภาพ. | |||
| 650 0 ^aโภชนาการ. | |||
| 650 0 ^aแมคโครไบโอติก. | |||
| 999 ^aใช้งานได้ทุกระบบ | |||
| คุณยังไม่ได้ล็อกอิน คุณสามารถมีกิจกรรมร่วมกับเว็บไซต์ได้ แต่ต้องล็อกอินก่อน :: |
|
| สถานะ | |||||||||
| 1. | หนังสือทั่วไป สถานะ=หนังสือเก่า - บริการ ณ ห้องสมุด (ห้องเหลือง) | QU 145 พ249ม 2552 | On Shelf ขอยืม | ||||||
| 2. | หนังสือทั่วไป สถานะ=หนังสือเก่า - บริการ ณ ห้องสมุด (ห้องเหลือง) | QU 145 พ249ม 2552 ฉ.2 | On Shelf ขอยืม | ||||||
| 3. | หนังสือทั่วไป สถานะ=หนังสือเก่า - บริการ ณ ห้องสมุด (ห้องเหลือง) | QU 145 พ249ม 2552 ฉ.3 | On Shelf ขอยืม | ||||||
| [แสดง 3/3 รายการ] | |||||||||
BibComment |
| คอมเมนท์ทรัพยากรรายการนี้ |
|
|